[Event "I Abierto Int Hotel CEMAR 2014"]
[Site "Mondariz ESP"]
[Date "2014.08.16"]
[Round "1.4"]
[White "Lopez De Turiso, Jose Angel"]
[Black "Represa Perez, Mireya"]
[Result "1-0"]
[WhiteElo "2147"]
[BlackElo "1771"]
[PlyCount "111"]
[EventDate "2014.08.16"]
[EventType "swiss"]
[EventRounds "9"]
[EventCountry "ESP"]
[Source "lmi"]
[SourceDate "2014.08.16"]

1. Nf3 d5 2. c4 c6 3. cxd5 cxd5 4. d4 Nf6 5. Nc3 a6 6. Bf4 Bf5 7. Qb3 b5 8. Nh4
Bg6 9. Nxg6 hxg6 10. e3 Nc6 11. Nxb5 axb5 12. Bxb5 Qb6 13. Rc1 Rc8 14. Qa4 Kd7
15. O-O e6 16. Rxc6 Rxc6 17. Rc1 Bc5 18. dxc5 Qb7 19. Bxc6+ Qxc6 20. Qa7+ Kd8
21. Qb8+ Qc8 22. Bc7+ Ke7 23. Bd6+ Kd8 24. Qb6+ Ke8 25. c6 Ne4 26. Ba3 f6 27.
c7 Kf7 28. f3 Ng5 29. Bd6 Nh7 30. Qb8 Re8 31. Rc3 Nf8 32. Qxc8 Rxc8 33. Rb3 Nd7
34. Rb8 Rxb8 35. cxb8=Q Nxb8 36. Bxb8 Ke7 37. Kf2 Kd7 38. Ke2 Kc6 39. Kd3 e5
40. f4 exf4 41. exf4 Kc5 42. Ba7+ Kd6 43. Kd4 Kc6 44. Bc5 g5 45. fxg5 fxg5 46.
g4 g6 47. a4 Kd7 48. Kxd5 Kc7 49. b4 Kb7 50. b5 Kb8 51. Kc6 Ka8 52. b6 Kb8 53.
Bd6+ Ka8 54. b7+ Ka7 55. b8=Q+ Ka6 56. Qa8# 1-0

[Event "I Abierto Int Hotel CEMAR 2014"]
[Site "Mondariz ESP"]
[Date "2014.08.16"]
[Round "1.5"]
[White "Ferreiro Diaz, Miguel"]
[Black "Ruiz Ledo, Antonio"]
[Result "0-1"]
[WhiteElo "1723"]
[BlackElo "2065"]
[PlyCount "66"]
[EventDate "2014.08.16"]
[EventType "swiss"]
[EventRounds "9"]
[EventCountry "ESP"]
[Source "lmi"]
[SourceDate "2014.08.16"]

1. e4 c5 2. Nc3 Nc6 3. Bb5 g6 4. d3 Bg7 5. Bxc6 bxc6 6. Be3 Rb8 7. Qc1 Qb6 8.
Rb1 Bxc3+ 9. Kf1 Bxb2 10. Qd1 Qa5 11. Nf3 Qxa2 12. g3 Nf6 13. Kg2 d6 14. c4 Ng4
15. Bd2 Rb6 16. Qc2 Qa3 17. Rhf1 Bd7 18. Rxb2 Rxb2 19. Qc3 Qxc3 20. Bxc3 Rxf2+
21. Rxf2 Nxf2 22. Bxh8 Nxd3 23. Bc3 Be6 24. e5 Bxc4 25. exd6 exd6 26. Nd2 Bd5+
27. Kf1 Kd7 28. Ke2 Nb4 29. Ke3 a5 30. Nb1 Ke6 31. Kf4 a4 32. Na3 Bb3 33. h4
Nd5+ 0-1

[Event "I Abierto Int Hotel CEMAR 2014"]
[Site "Mondariz ESP"]
[Date "2014.08.16"]
[Round "1.6"]
[White "Gomez Dieguez, Adrian"]
[Black "Silva, Mariana Sofia T"]
[Result "1-0"]
[WhiteElo "1970"]
[BlackElo "1639"]
[PlyCount "81"]
[EventDate "2014.08.16"]
[EventType "swiss"]
[EventRounds "9"]
[EventCountry "ESP"]
[Source "lmi"]
[SourceDate "2014.08.16"]

1. e4 e6 2. d4 d5 3. Nd2 Nf6 4. e5 Nfd7 5. Bd3 c5 6. c3 Nc6 7. Ne2 Qb6 8. Nf3
f6 9. exf6 Nxf6 10. O-O Bd6 11. a3 O-O 12. dxc5 Bxc5 13. b4 Be7 14. c4 Qd8 15.
cxd5 exd5 16. Bb2 Bg4 17. Nfd4 Nxd4 18. Bxd4 a5 19. f3 Bh5 20. Nf4 Bf7 21. Bc2
Qc7 22. Nd3 axb4 23. axb4 Rxa1 24. Bxa1 Qb6+ 25. Kh1 Bxb4 26. Ne5 Be6 27. Qd3
Qa6 28. Rb1 Bc5 29. Qd2 Rc8 30. Bd3 Qa4 31. Qg5 Be7 32. Ng4 Bxg4 33. fxg4 Qc6
34. Qd2 Nd7 35. g5 Nc5 36. Bf5 Rd8 37. Qd4 Bf8 38. Rf1 Nb3 39. Qd3 Nxa1 40.
Bxh7+ Kh8 41. Qh3 1-0

[Event "I Abierto Int Hotel CEMAR 2014"]
[Site "Mondariz ESP"]
[Date "2014.08.16"]
[Round "1.8"]
[White "Sanz Bastos, Fernando"]
[Black "Silva, Ana Ines Teixeira D"]
[Result "1-0"]
[WhiteElo "1951"]
[BlackElo "1551"]
[PlyCount "97"]
[EventDate "2014.08.16"]
[EventType "swiss"]
[EventRounds "9"]
[EventCountry "ESP"]
[Source "lmi"]
[SourceDate "2014.08.16"]

1. e4 Nf6 2. e5 Nd5 3. d4 d6 4. c4 Nb6 5. exd6 exd6 6. Nf3 Bg4 7. h3 Bh5 8. Nc3
Nc6 9. Be3 Be7 10. g4 Bg6 11. h4 h5 12. g5 d5 13. c5 Nc4 14. Bxc4 dxc4 15. d5
Nb4 16. Qa4+ c6 17. Qxb4 cxd5 18. Qb5+ Kf8 19. Ne5 Bf5 20. Qxb7 Rb8 21. Qxd5
Qxd5 22. Nxd5 Rxb2 23. Nxe7 Kxe7 24. Nxc4 Rc2 25. Nd6 Bg4 26. O-O f6 27. Rab1
Rd8 28. Rb7+ Rd7 29. Rxd7+ Kxd7 30. Rb1 Rxa2 31. Rb7+ Kc6 32. Rxg7 fxg5 33.
Rxg5 Bf3 34. Kh2 a5 35. Kg3 Bg4 36. Rxg4 hxg4 37. h5 Ra1 38. Kxg4 a4 39. h6 a3
40. Bd4 Rh1 41. Kg5 a2 42. Kg6 Rg1+ 43. Kf7 Rh1 44. Nf5 a1=Q 45. Bxa1 Rxa1 46.
h7 Rh1 47. Kg7 Kxc5 48. Nh6 Rg1+ 49. Kf6 1-0